00978 2200313 4500001002100000005001700021008004100038020002200079035002400101040001200125041001300137082001800150084001800168100003200186245011500218250001100333260003000344300003000374500004300404500006400447504003100511650001700542650001900559700001800578700002000596850001200616990001800628990001800646INLIS00000000003006520170822132839.0  a978-602-7637-30-6 0010-081700000000271 aYOPDYOG1 aindhara042[23]a297.648 a297.648 Amm B1 aAMMAR, Mahmud Al-Mishri Abu1 aBiografi 35 shahabiyah Nabic/ Mahmud Al-Mishri Abu Ammar; alih bahasa, Umar Mujtahid; editor, Firman Pramudya aCet. 3 aJakartabUmmul Qurac2016 axxxii, 664 hlm.c; 25 cm. aJudul asli : Shahabiyat haula Ar-Rasul aTeks dalam bahasa Indonesia, diterjemahkan dari bahasa Arab aBibliografi : hlm. 661-664 4aSahabat Nabi 4aBiografi Islam0 aUmar Mujtahid0 aFirman Pramudya aYOPDYOG a55739-PD/A.17 a55740-PD/A.17